VI Fiestas de centenario de la Misteriosa Luz : 1345 - 1945 1345 - 1945
Descripción Física:
7 p. : il. col. ; 33 cm
Materias:
Festivitats religioses -- Manresa
MARC
| LEADER | 00000nam a2200000Ia 4500 | ||
|---|---|---|---|
| 001 | 22090 | ||
| 008 | 160829s1945 xx 000 0 cat d | ||
| 080 | |a FU-53-10 | ||
| 245 | |a VI Fiestas de centenario de la Misteriosa Luz : |b 1345 - 1945 | ||
| 260 | |a Manresa : |b Imp. San José, |c 1945 | ||
| 300 | |a 7 p. : |b il. col. ; |c 33 cm | ||
| 590 | |a Celebrades a Manresa del 19 al 22 de maig. | ||
| 590 | |a Prové de 4587, exp. 58 | ||
| 650 | |a Festivitats religioses |x Manresa |9 47071 | ||
| 856 | 4 | |u https://media.diba.cat/diba/fitxers/arxiu/fulletons/bib_22090_baixa.pdf |y Accés lliure | |
| 856 | 4 | |u https://media.diba.cat/diba/fitxers/arxiu/fulletons/bib_22090_baixa.pdf |y Accés lliure | |
| 901 | |a Arxiu | ||
| 942 | |n 1 |2 udc | ||
| 952 | |0 0 |1 0 |4 0 |6 FU5310 |7 1 |9 53642 |a Arxiu |b Arxiu |d 2016-12-01 |l 0 |o FU-53-10 |p 22090 |r 2016-12-01 00:00:00 |w 2016-12-01 |y ARXIU | ||
| 999 | |c 57508 |d 57508 | ||
| 900 | |a bib_22090_baixa.pdf | ||